| 000 | 00950nam a2200265Ia 4500 | ||
|---|---|---|---|
| 999 |
_c6183 _d6183 |
||
| 003 | GCL | ||
| 005 | 20240530095327.0 | ||
| 008 | 140319s9999 xx 000 0 ara d | ||
| 040 |
_aGCL / _cGCL |
||
| 082 | 0 | 4 |
_a246.1 _bأ أ |
| 100 | 1 | _aاحمد حجازى السقا | |
| 245 | 1 | 0 |
_aالمعتزلة : _bقراءة فى مخطوطات البحر الميت / _cاحمد حجازى احمد السقا |
| 250 | _aالاولى | ||
| 260 |
_aالقاهرة : _bدار البروج ، _c2003 |
||
| 300 |
_a220 ص ؛ _c24 سم |
||
| 650 | 0 | 4 | _aالاسلام |
| 650 | 0 | 4 | _aالحركات الفكرية عند المسلمين |
| 650 | 0 | 4 | _aالحركات الفكرية |
| 650 | 0 | 4 | _aالمعتزلة |
| 650 | 0 | 4 | _aالمعتزلة (علم الكلام) |
| 650 | 0 | 4 | _aالعمرية ( علم الكلام ) |
| 650 | 0 | 4 | _aالغيلانية ( علم الكلام ) |
| 650 | 0 | 4 | _aالواصلية ( علم الكلام ) |
| 942 |
_2ddc _cBK |
||